Miery kreditného rizika

Základné pojmy týkajúce sa kreditného rizika. Pravidelná analýza a následné včasné určenie potrebnej výšky rezerv by malo slúžiť ako ochrana pred defaultom a teda aj neželanými ekonomickými dôsledkami, ktoré z neho vyplývajú.

Na minha lista:
Detalhes bibliográficos
Autor principal: Kollár, Boris
Formato: Capítulo de Livro
Idioma:eslovaco
Assuntos:
Tags: Adicionar Tag
Sem tags, seja o primeiro a adicionar uma tag!

MARC

LEADER 00000nla a2200000 4500
001 0178954
005 20220426111209.2
041 0 |a slo 
044 |a CZ 
245 1 0 |a Miery kreditného rizika  |c Boris Kollár 
520 |a Základné pojmy týkajúce sa kreditného rizika. Pravidelná analýza a následné včasné určenie potrebnej výšky rezerv by malo slúžiť ako ochrana pred defaultom a teda aj neželanými ekonomickými dôsledkami, ktoré z neho vyplývajú. 
610 2 0 |a podnik 
610 2 0 |a riziko 
610 2 0 |a riziko úverové 
610 2 0 |a risk management 
100 1 |a Kollár, Boris